Click to Locate the World Capitals on a Borderless Map - Statistics

General Stats
  • This quiz has been taken 170 times
  • The average score is 135 of 200
Answers on the Map
Answers color-coded by a green-red scale on the quiz's map according to % correct below.
 
Answer Stats
Answer % Correct
Kyiv
85%
London
84%
Oslo
84%
Tokyo
84%
Vatican City
84%
Amsterdam
82%
Athens
82%
Cairo
82%
Guatemala City
82%
Havana
82%
Lisbon
82%
Monaco
82%
Paris
82%
Rome
82%
Brussels
81%
Budapest
81%
Copenhagen
81%
Minsk
81%
Prague
81%
Pyongyang
81%
Seoul
81%
Ankara
80%
Berlin
80%
Damascus
80%
Djibouti
80%
Dublin
80%
Luxembourg
80%
Madrid
80%
Ottawa
80%
Panama City
80%
San Marino
80%
Singapore
80%
Taipei
80%
Tunis
80%
Washington D.C.
80%
Abu Dhabi
78%
Andorra la Vella
78%
Bern
78%
Bogotá
78%
Bucharest
78%
Doha
78%
Jakarta
78%
Port-au-Prince
78%
Reykjavík
78%
Riyadh
78%
São Tomé
78%
Sarajevo
78%
Sofia
78%
Stockholm
78%
Tallinn
78%
Valletta
78%
Vienna
78%
Bangkok
77%
Beirut
77%
Bratislava
77%
Cape Town
77%
Helsinki
77%
Kingston
77%
Kuwait City
77%
Nairobi
77%
Santo Domingo
77%
Sri Jayawardenepura Kotte
77%
Tirana
77%
Warsaw
77%
Belgrade
76%
Bissau
76%
Jerusalem
76%
Ljubljana
76%
Nassau
76%
Nicosia
76%
Sana'a
76%
Addis Ababa
74%
Algiers
74%
Baghdad
74%
Phnom Penh
74%
Quito
74%
Rabat
74%
Riga
74%
San Salvador
74%
Vilnius
74%
Wellington
74%
Zagreb
74%
Caracas
73%
Dhaka
73%
Manila
73%
Podgorica
73%
Pristina
73%
Skopje
73%
Tbilisi
73%
Tripoli
73%
Vaduz
73%
Antananarivo
72%
Baku
72%
Bandar Seri Begawan
72%
Chișinău
72%
San José
72%
Tegucigalpa
72%
Tehran
72%
Amman
70%
Canberra
70%
Kabul
70%
Lima
70%
Manama
70%
Moscow
70%
Muscat
70%
Santiago
70%
Vientiane
70%
Bloemfontein
69%
Buenos Aires
69%
Dili
69%
Freetown
69%
Kuala Lumpur
69%
Mexico City
69%
Yerevan
69%
Montevideo
68%
Ouagadougou
68%
Pretoria
68%
Accra
66%
Asunción
66%
Brazzaville
66%
Hanoi
66%
Malé
66%
Yaoundé
66%
Abuja
65%
Dakar
65%
Naypyidaw
65%
Port Moresby
65%
Saint John's
65%
Victoria
65%
Windhoek
65%
Beijing
64%
Kingstown
64%
Managua
64%
Monrovia
64%
Castries
62%
Lomé
62%
Port Louis
62%
Port-of-Spain
62%
Praia
62%
Roseau
62%
Saint George's
62%
Yamoussoukro
62%
Brasília
61%
Kathmandu
61%
Khartoum
61%
Lilongwe
61%
Mogadishu
61%
New Delhi
61%
Paramaribo
61%
Asmara
59%
Basseterre
59%
Belmopan
59%
Bridgetown
59%
Kampala
59%
Kigali
59%
Porto-Novo
58%
Ulaanbaatar
58%
Conakry
57%
Georgetown
57%
Malabo
57%
Suva
57%
Thimphu
57%
Harare
55%
Islamabad
55%
Astana
54%
Gaborone
54%
Maseru
54%
Mbabane
54%
Moroni
54%
Banjul
53%
Bishkek
53%
La Paz
53%
Libreville
53%
Ashgabat
51%
Dodoma
51%
Gitega
51%
Kinshasa
51%
Bamako
50%
Luanda
50%
Lusaka
50%
Maputo
50%
Bangui
49%
Cotonou
49%
Ngerulmud
49%
Nouakchott
49%
Funafuti
47%
Honiara
47%
Tashkent
47%
Niamey
46%
Port Vila
46%
Sucre
46%
Yaren
45%
N'Djamena
43%
Apia
42%
Nukuʻalofa
42%
Dushanbe
41%
Majuro
41%
Juba
34%
Palikir
32%
South Tarawa
24%
No matching quizzes found
Score Distribution
Percent of People with Each Score
Percentile by Number Answered
Your Score History
You have not taken this quiz